<?xml version="1.0" encoding="UTF-8"?>
<collection xmlns="http://www.loc.gov/MARC21/slim">
 <record>
  <leader>00385pamaa2200145   4500</leader>
  <controlfield tag="001">0000033717</controlfield>
  <controlfield tag="005">20061011090000.0</controlfield>
  <datafield tag="020" ind1="0" ind2="0">
   <subfield code="a">0582434033 </subfield>
  </datafield>
  <datafield tag="090" ind1="0" ind2="0">
   <subfield code="a">PS3573.A472242 </subfield>
   <subfield code="b">WAL 2001</subfield>
  </datafield>
  <datafield tag="100" ind1="1" ind2="0">
   <subfield code="a">WALSH </subfield>
  </datafield>
  <datafield tag="245" ind1="1" ind2="0">
   <subfield code="a">As time goes by  </subfield>
   <subfield code="c">Michael Walsh; retold by John Mahood.</subfield>
  </datafield>
  <datafield tag="260" ind1="0" ind2="0">
   <subfield code="a">LondonbPearson Education, </subfield>
   <subfield code="c">2001.</subfield>
  </datafield>
  <datafield tag="300" ind1=" " ind2=" ">
   <subfield code="a">v,  73p.; </subfield>
   <subfield code="c">20cm.</subfield>
  </datafield>
  <datafield tag="650" ind1="0" ind2="0">
   <subfield code="a">Fiction </subfield>
  </datafield>
  <datafield tag="700" ind1="1" ind2="1">
   <subfield code="a">Mahood, </subfield>
   <subfield code="h">John </subfield>
  </datafield>
 </record>
</collection>
